000 00645nam a2200217Ia 4500
005 20250508164731.0
008 008 250505s9999 xx 000 0 eng d
020 _a92-3-102924-X
037 _aTextual
040 _aFEDL
_beng
_cFEDL
041 _aeng
_2eng
084 _a305.23, UNE
_qFEDL
100 _aVells Jean-Pierre
_9779012
245 0 _aBlossoms in the dust: Street children in Africa
260 _aParis, France
_bUnited Nations Educational, Scientific and Cultural Organization
_c1995
300 _a167p.
365 _aFF
_b85
546 _aMACESE
942 _cTEXL
_h305.23, UNE
999 _c1390818
_d1390818